Bếp của Mẹ Tập bút ký

Zapisane w:
Opis bibliograficzny
1. autor: Phùng, Hải Yến
Format: Książka
Język:Undetermined
Wydane: Hà Nội Hội Nhà văn 2019
Hasła przedmiotowe:
Etykiety: Dodaj etykietę
Nie ma etykietki, Dołącz pierwszą etykiete!
Thư viện lưu trữ: Trung tâm Học liệu Trường Đại học Cần Thơ
LEADER 00540nam a2200193Ia 4500
001 CTU_236045
008 210402s9999 xx 000 0 und d
082 |a 895.9228403 
082 |b Y603 
100 |a Phùng, Hải Yến 
245 0 |a Bếp của Mẹ 
245 0 |b Tập bút ký 
245 0 |c Phùng Hải Yến 
260 |a Hà Nội 
260 |b Hội Nhà văn 
260 |c 2019 
650 |a Tự truyện,Autobiographies 
910 |b dqhieu 
980 |a Trung tâm Học liệu Trường Đại học Cần Thơ